[Event "2nd BEHIN BAZAFARIN-Tehran"]
[Site "Tehran"]
[Date "2014.11.19"]
[Round "5.5"]
[White "Korneev, Oleg"]
[Black "Ardeshi, Mehrdad"]
[Result "1-0"]
[WhiteElo "2588"]
[BlackElo "2321"]
[Annotator "www.Chessboard.ir"]
[PlyCount "87"]
[EventDate "2014.??.??"]
[EventRounds "2"]
[EventCountry "IRI"]
[WhiteClock "0:24:02"]
[BlackClock "0:21:54"]

1. e4 c6 2. d4 d5 3. Nc3 dxe4 4. Nxe4 Bf5 5. Ng3 Bg6 6. h4 h6 7. Nf3 Nd7 8. h5
Bh7 9. Bd3 Bxd3 10. Qxd3 Ngf6 11. Bf4 Qa5+ 12. Bd2 Qc7 13. O-O-O e6 14. Ne4
O-O-O 15. g3 Nxe4 16. Qxe4 Bd6 17. c4 c5 18. Bc3 Nf6 19. Qe2 cxd4 20. Nxd4 a6
21. Kb1 Rhe8 22. g4 Bf4 23. Nb3 Rxd1+ 24. Rxd1 Rd8 25. Rxd8+ Qxd8 26. f3 Qd6
27. Kc2 Qb6 28. Bd4 Qc6 29. Bxf6 gxf6 30. Qe4 Qc7 31. Nc5 Bd6 32. Nd3 Qa5 33.
Qh7 Qa4+ 34. Kc3 Qa5+ 35. Kc2 Qa4+ 36. Kd2 Qxc4 37. Qg8+ Kd7 38. Qxf7+ Be7 39.
g5 hxg5 40. h6 Qd4 41. Qg7 Qh4 42. h7 Qh2+ 43. Kd1 g4 44. h8=Q 1-0

[Event "2nd BEHIN BAZAFARIN-Tehran"]
[Site "Tehran"]
[Date "2014.11.19"]
[Round "5.6"]
[White "Malakhatko, Vadim"]
[Black "Lorparizangeneh, Shahin"]
[Result "1/2-1/2"]
[WhiteElo "2533"]
[BlackElo "2308"]
[Annotator "www.Chessboard.ir"]
[PlyCount "35"]
[EventDate "2014.??.??"]
[EventRounds "2"]
[EventCountry "IRI"]
[WhiteClock "0:49:59"]
[BlackClock "0:35:44"]

1. d4 Nf6 2. c4 g6 3. Nf3 Bg7 4. g3 d5 5. cxd5 Nxd5 6. Bg2 Nb6 7. Nc3 Nc6 8. e3
O-O 9. O-O Re8 10. Nh4 a5 11. f4 a4 12. Rf2 a3 13. b3 Nb4 14. Ne4 N6d5 15. Bd2
Nd3 16. Rf1 b6 17. f5 e6 18. f6 1/2-1/2

[Event "2nd BEHIN BAZAFARIN-Tehran"]
[Site "Tehran"]
[Date "2014.11.19"]
[Round "5.7"]
[White "Darini, Pouria"]
[Black "Nasri, Amin"]
[Result "1-0"]
[WhiteElo "2458"]
[BlackElo "2275"]
[Annotator "www.Chessboard.ir"]
[PlyCount "57"]
[EventDate "2014.??.??"]
[EventRounds "2"]
[EventCountry "IRI"]
[WhiteClock "0:06:11"]
[BlackClock "0:09:16"]

1. e4 e5 2. Nc3 Nf6 3. g3 d5 4. exd5 Nxd5 5. Bg2 Nxc3 6. bxc3 Bd6 7. Nf3 Nc6 8.
O-O O-O 9. d3 f6 10. Rb1 Ne7 11. Re1 c6 12. d4 exd4 13. Nxd4 Bc5 14. Qe2 Kh8
15. Qc4 Bd6 16. Ne6 Bxe6 17. Qxe6 Qc7 18. Bf4 Nc8 19. Rbd1 Bxf4 20. Rd7 Qa5 21.
gxf4 Nb6 22. Rxb7 Qxc3 23. Bxc6 Rac8 24. Bg2 Qxc2 25. Rxa7 Qc5 26. Rb7 Nc4 27.
Rc1 Qd6 28. Bd5 Qxf4 29. Rxc4 1-0

[Event "2nd BEHIN BAZAFARIN-Tehran"]
[Site "Tehran"]
[Date "2014.11.19"]
[Round "5.8"]
[White "Khaghani, Babak"]
[Black "Toufighi, Homayoon"]
[Result "1-0"]
[WhiteElo "2320"]
[BlackElo "2440"]
[Annotator "www.Chessboard.ir"]
[PlyCount "71"]
[EventDate "2014.??.??"]
[EventRounds "2"]
[EventCountry "IRI"]
[WhiteClock "0:05:01"]
[BlackClock "0:19:44"]

1. d4 d6 2. c4 e5 3. Nf3 Nd7 4. Nc3 Ngf6 5. e4 Be7 6. Be2 c6 7. O-O a6 8. Re1
O-O 9. Bf1 b5 10. a3 Re8 11. d5 cxd5 12. cxd5 Rf8 13. b4 Ne8 14. a4 bxa4 15.
Qxa4 Bb7 16. Be3 f5 17. exf5 Rxf5 18. Bd3 Rf7 19. Rec1 h6 20. Nd2 Bg5 21. Bg6
Rf8 22. Bxg5 hxg5 23. Nde4 Ndf6 24. Qd1 Bc8 25. Nxg5 Ng4 26. Nce4 Nef6 27. h3
Nxe4 28. Nxe4 Nf6 29. Nxf6+ gxf6 30. Qh5 Ra7 31. Rc3 Rg7 32. Rg3 Qc7 33. Bh7+
Kh8 34. Bf5+ Rh7 35. Bxh7 Qxh7 36. Qxh7+ 1-0

[Event "2nd BEHIN BAZAFARIN-Tehran"]
[Site "Tehran"]
[Date "2014.11.19"]
[Round "5.10"]
[White "Nadanian, Ashot"]
[Black "Hosseinzadeh, Nima"]
[Result "1-0"]
[WhiteElo "2385"]
[BlackElo "2182"]
[Annotator "www.Chessboard.ir"]
[PlyCount "69"]
[EventDate "2014.??.??"]
[EventRounds "2"]
[EventCountry "IRI"]
[WhiteClock "0:17:11"]
[BlackClock "0:02:21"]

1. d4 Nf6 2. c4 g6 3. Nc3 Bg7 4. g3 O-O 5. Bg2 d6 6. Nf3 Nc6 7. O-O Rb8 8. h3
a6 9. e4 b5 10. d5 Na5 11. cxb5 axb5 12. b4 c5 13. bxa5 Nxe4 14. Nxe4 Bxa1 15.
Nxc5 Qxa5 16. Nb3 Qxa2 17. Bg5 Bf6 18. Bxf6 exf6 19. Nfd4 Re8 20. Qc1 Bb7 21.
Qc7 Qa4 22. Qxd6 Rbd8 23. Qc5 Qc4 24. Rc1 Qxc5 25. Rxc5 Re1+ 26. Kh2 b4 27. Rb5
Ba6 28. Rxb4 Bf1 29. Bf3 Bd3 30. Nc5 Bb1 31. Nc6 Rd6 32. Nb7 Rd7 33. Nb8 Rc7
34. d6 Rc2 35. Kg2 1-0

[Event "2nd BEHIN BAZAFARIN-Tehran"]
[Site "Tehran"]
[Date "2014.11.19"]
[Round "5.11"]
[White "Mashmooli, Kian"]
[Black "Petrosian, Davit G"]
[Result "0-1"]
[WhiteElo "2199"]
[BlackElo "2382"]
[Annotator "www.Chessboard.ir"]
[PlyCount "106"]
[EventDate "2014.??.??"]
[EventRounds "2"]
[EventCountry "IRI"]
[WhiteClock "0:37:35"]
[BlackClock "0:21:56"]

1. e4 c5 2. Nf3 Nc6 3. d4 cxd4 4. Nxd4 e5 5. Nb5 d6 6. N1c3 a6 7. Na3 b5 8. Nd5
Nge7 9. Bg5 h6 10. Bxb5 axb5 11. Nxb5 Ra7 12. Ndc7+ Rxc7 13. Nxd6+ Qxd6 14.
Qxd6 Rd7 15. Qc5 hxg5 16. O-O Rh6 17. Rfd1 Rb7 18. Qc3 Nd4 19. Rd2 Rc6 20. Qg3
Rxc2 21. Rxc2 Nxc2 22. Rb1 f6 23. Qd3 Nd4 24. b4 Nec6 25. a3 Be6 26. h3 Bd6 27.
Rc1 Rc7 28. Qd1 Ke7 29. Kh2 Rc8 30. Qa4 Bd7 31. Qd1 Rh8 32. f3 Ra8 33. Qd3 Nd8
34. Rc3 N8e6 35. Qd1 Nb5 36. Rb3 Ned4 37. Rd3 Nxa3 38. Qa1 Bxb4 39. Qb2 Bd6 40.
Rc3 Rb8 41. Qf2 Nab5 42. Rc1 Nc7 43. Ra1 Rb7 44. h4 gxh4 45. Qxh4 Rb2 46. Rf1
Bc5 47. Kh1 Nce6 48. Qh8 Ne2 49. Rd1 N2f4 50. Qa8 Nxg2 51. Qd5 Bd4 52. Qa5 Ne3
53. Rc1 Rb8 0-1

[Event "2nd BEHIN BAZAFARIN-Tehran"]
[Site "Tehran"]
[Date "2014.11.19"]
[Round "5.12"]
[White "Soozankar, A.M."]
[Black "Tabatabaei, M.Amin"]
[Result "1/2-1/2"]
[WhiteElo "2190"]
[BlackElo "2353"]
[Annotator "www.Chessboard.ir"]
[PlyCount "133"]
[EventDate "2014.??.??"]
[EventRounds "2"]
[EventCountry "IRI"]
[WhiteClock "0:41:27"]
[BlackClock "0:01:36"]

1. e4 c5 2. Nf3 d6 3. d4 cxd4 4. Qxd4 Nc6 5. Bb5 Bd7 6. Bxc6 Bxc6 7. Nc3 Nf6 8.
Bg5 e6 9. O-O-O Be7 10. Rhe1 Qa5 11. Qd2 O-O 12. Kb1 Qa6 13. Nd4 Rfc8 14. f4 h6
15. Bxf6 Bxf6 16. f5 Bd7 17. Rf1 Rc4 18. Nce2 e5 19. Nb3 Rxe4 20. Nc3 Rc4 21.
Nd5 Bg5 22. Qf2 Rac8 23. c3 Bc6 24. Nb4 Qb6 25. Qxb6 axb6 26. Nd5 Bd8 27. Rf2
b5 28. a3 Rg4 29. Na1 Bxd5 30. Rxd5 Bb6 31. Re2 Bc5 32. Nb3 f6 33. Nxc5 dxc5
34. Rd7 Rb8 35. Rc7 b6 36. Rd2 Rg5 37. Rf2 Re8 38. h4 Rg4 39. Rb7 b4 40. cxb4
cxb4 41. Rxb6 bxa3 42. bxa3 Rxh4 43. Rb4 Rh1+ 44. Kb2 h5 45. a4 Ra8 46. Rf3 Rh2
47. Rg3 h4 48. Rg6 h3 49. Ka3 Rxg2 50. Rxg2 hxg2 51. Rg4 e4 52. Rxg2 Ra5 53.
Re2 Rxf5 54. Rxe4 Kf7 55. Kb4 Rd5 56. a5 g5 57. a6 Rd8 58. Kc3 Ra8 59. Ra4 f5
60. a7 Kg6 61. Kd3 g4 62. Ke3 Kg5 63. Kf2 f4 64. Kg2 Kf5 65. Ra5+ Kf6 66. Ra6+
Kg5 67. Ra5+ 1/2-1/2

[Event "2nd BEHIN BAZAFARIN-Tehran"]
[Site "Tehran"]
[Date "2014.11.20"]
[Round "6.1"]
[White "Javanbakht, Nima"]
[Black "Harutjunyan, Gevorg"]
[Result "1/2-1/2"]
[WhiteElo "2379"]
[BlackElo "2451"]
[Annotator "www.Chessboard.ir"]
[PlyCount "153"]
[EventDate "2014.??.??"]
[EventRounds "2"]
[EventCountry "IRI"]
[WhiteClock "0:04:16"]
[BlackClock "0:01:18"]

1. d4 d6 2. c4 e5 3. Nf3 Nd7 4. Nc3 Ngf6 5. e4 g6 6. dxe5 dxe5 7. a3 Bg7 8. Be2
O-O 9. Qc2 c6 10. O-O Nh5 11. Be3 Nf4 12. Rad1 Qc7 13. b4 Re8 14. g3 Nxe2+ 15.
Nxe2 Nf8 16. Nd2 Bh3 17. Rfe1 Ne6 18. c5 f5 19. exf5 gxf5 20. Qc4 Qf7 21. f4
exf4 22. Nxf4 Bg4 23. Rc1 Rad8 24. Bf2 Bd4 25. Rxe6 Bxf2+ 26. Kxf2 Rxe6 27.
Qxe6 Rxd2+ 28. Kg1 Qxe6 29. Nxe6 Bf3 30. Rc3 Be4 31. Re3 h6 32. Nf4 Kf7 33. g4
Kf6 34. gxf5 Kxf5 35. Ne2 Bd5 36. h3 Bc4 37. Nc3 Rc2 38. Ne4 Kf4 39. Re1 Kf3
40. Nf6 Rg2+ 41. Kh1 Ra2 42. Re7 Bf1 43. Rf7 Bxh3 44. Nh5+ Kg4 45. Nf6+ Kg5 46.
Ne4+ Kh4 47. Nd6 h5 48. Rxb7 Kg3 49. Ne4+ Kf4 50. Nd6 Be6 51. Rh7 h4 52. Kg1 h3
53. Rh6 Bg4 54. Rf6+ Ke5 55. Rh6 Be6 56. Rh5+ Kf4 57. Rh6 Rg2+ 58. Kh1 Re2 59.
Kg1 Kg5 60. Rh7 Bg4 61. b5 cxb5 62. c6 Kf4 63. c7 Rc2 64. c8=Q Bxc8 65. Nxc8
Rxc8 66. Rxa7 Rc2 67. Rb7 Rb2 68. a4 b4 69. a5 Kg3 70. Rg7+ Kf3 71. Rb7 Kg3 72.
Rg7+ Kf4 73. Rb7 h2+ 74. Kh1 Kg3 75. Rg7+ Kh3 76. Rh7+ Kg3 77. Rg7+ 1/2-1/2

[Event "2nd BEHIN BAZAFARIN-Tehran"]
[Site "Tehran"]
[Date "2014.11.20"]
[Round "6.2"]
[White "Pourramezanali, Amirreza"]
[Black "Korneev, Oleg"]
[Result "1/2-1/2"]
[WhiteElo "2414"]
[BlackElo "2588"]
[Annotator "www.Chessboard.ir"]
[PlyCount "208"]
[EventDate "2014.??.??"]
[EventRounds "2"]
[EventCountry "IRI"]
[WhiteClock "0:18:07"]
[BlackClock "0:00:43"]

1. e4 e5 2. Nf3 Nc6 3. Bc4 Bc5 4. c3 Nf6 5. d3 a6 6. Nbd2 d6 7. Bb3 O-O 8. O-O
h6 9. h3 Re8 10. Re1 Be6 11. Nc4 Qd7 12. Be3 Bxc4 13. Bxc4 Bxe3 14. Rxe3 Ne7
15. Bb3 Ng6 16. Nh2 a5 17. Ng4 Nxg4 18. Qxg4 Qxg4 19. hxg4 a4 20. Bc4 c6 21. a3
Nf8 22. Rd1 Nd7 23. Ba2 Nf6 24. f3 c5 25. d4 b5 26. dxc5 dxc5 27. Bd5 Rab8 28.
Red3 c4 29. R3d2 Rb6 30. Kf2 Kf8 31. Ke3 Ke7 32. g3 Rd8 33. Ke2 Rd7 34. Ke3
Rbd6 35. Ba8 Rxd2 36. Rxd2 Rxd2 37. Kxd2 Kd6 38. Bb7 Kc7 39. Ba6 Kc6 40. Bc8
Ng8 41. g5 hxg5 42. Bh3 g4 43. Bxg4 Nf6 44. Bh3 Nh5 45. Ke1 Kd6 46. Kf2 g6 47.
Bg4 Nf6 48. Bh3 Ng8 49. Ke3 Ne7 50. f4 Nc6 51. f5 Na5 52. fxg6 fxg6 53. Bg4 Nb3
54. Bd1 Nc5 55. Bg4 Nd3 56. Be2 Nc5 57. Bg4 Ke7 58. Bc8 Kd8 59. Bg4 Ke8 60. Bh3
Kf7 61. Bg4 Kf6 62. Bh3 Kg5 63. Kf3 Kh5 64. Bg4+ Kh6 65. Bh3 Kg5 66. Bc8 Kf6
67. Ke3 Ke7 68. Bg4 Kd6 69. Be2 Ke6 70. Bg4+ Ke7 71. Bc8 Kf8 72. Bh3 Kg8 73.
Bc8 Kh7 74. Bg4 Kh6 75. Bh3 Kh5 76. Kf3 Kg5 77. Bc8 Kf6 78. Ke3 Ke7 79. Bg4 Kd8
80. Be2 Kc7 81. Bf1 Kd6 82. Be2 Kc6 83. Bf1 Kc7 84. Be2 Kd6 85. Bg4 Nd3 86. Be2
Nc1 87. Bg4 Nb3 88. Bd1 Nc5 89. Bg4 Kc7 90. Be2 Kd7 91. Bg4+ Kd8 92. Be2 Ke7
93. Bg4 Nb7 94. Bc8 Nd6 95. Bg4 Ke8 96. Bh3 Kd8 97. Bg4 Ke7 98. Bh3 Nb7 99. Bc8
Nc5 100. Bg4 Ke8 101. Be2 Kd8 102. Bg4 Ke7 103. Bc8 Kf6 104. Bh3 Kg5 1/2-1/2

[Event "2nd BEHIN BAZAFARIN-Tehran"]
[Site "Tehran"]
[Date "2014.11.20"]
[Round "6.3"]
[White "Ghaem Maghami, Ehsan"]
[Black "Nadanian, Ashot"]
[Result "1/2-1/2"]
[WhiteElo "2559"]
[BlackElo "2385"]
[Annotator "www.Chessboard.ir"]
[PlyCount "68"]
[EventDate "2014.??.??"]
[EventRounds "2"]
[EventCountry "IRI"]
[WhiteClock "0:15:08"]
[BlackClock "0:14:18"]

1. d4 Nf6 2. Nf3 e6 3. c4 Bb4+ 4. Nc3 b6 5. Bg5 h6 6. Bh4 g5 7. Bg3 Ne4 8. Qc2
Bb7 9. e3 Bxc3+ 10. bxc3 d6 11. Bd3 f5 12. d5 exd5 13. cxd5 Bxd5 14. Nd4 Qf6
15. f3 Nxg3 16. hxg3 Nd7 17. Bxf5 O-O-O 18. O-O-O Kb8 19. Bxd7 Rxd7 20. Qf5
Qxf5 21. Nxf5 Bxa2 22. Rxh6 Rxh6 23. Nxh6 a5 24. e4 c5 25. f4 Kc7 26. Nf5 g4
27. Kb2 Bg8 28. Nh6 Bc4 29. Re1 b5 30. Nxg4 Rg7 31. Ne3 Rxg3 32. e5 dxe5 33.
Nxc4 Rxg2+ 34. Kb1 bxc4 1/2-1/2

[Event "2nd BEHIN BAZAFARIN-Tehran"]
[Site "Tehran"]
[Date "2014.11.20"]
[Round "6.4"]
[White "Petrosian, Davit G"]
[Black "Darini, Pouria"]
[Result "0-1"]
[WhiteElo "2382"]
[BlackElo "2458"]
[Annotator "www.Chessboard.ir"]
[PlyCount "84"]
[EventDate "2014.??.??"]
[EventRounds "2"]
[EventCountry "IRI"]
[WhiteClock "0:30:47"]
[BlackClock "0:29:55"]

1. e4 c5 2. Nf3 d6 3. d4 cxd4 4. Nxd4 Nf6 5. Nc3 a6 6. Bc4 e6 7. Bb3 b5 8. O-O
Be7 9. Qf3 Qb6 10. Be3 Qb7 11. Qg3 O-O 12. f3 Bd7 13. a4 Nc6 14. axb5 Nxd4 15.
Bxd4 axb5 16. e5 dxe5 17. Bxe5 Rxa1 18. Rxa1 Bc6 19. Bd4 Ra8 20. Rxa8+ Qxa8 21.
Qc7 Nd7 22. Ne4 Bf8 23. Ng5 Qa1+ 24. Kf2 Qd1 25. Qf4 Qxd4+ 26. Qxd4 Bc5 27. Ke3
Bxd4+ 28. Kxd4 h6 29. Nxe6 fxe6 30. Bxe6+ Kf8 31. Bd5 Bxd5 32. Kxd5 Nb6+ 33.
Kc6 Nc4 34. Kxb5 Nxb2 35. Kc5 Ke7 36. Kd4 Kd6 37. h4 Na4 38. Ke4 Ke6 39. h5
Nc3+ 40. Kf4 Nd5+ 41. Kg3 Ne3 42. c3 Kf5 0-1

[Event "2nd BEHIN BAZAFARIN-Tehran"]
[Site "Tehran"]
[Date "2014.11.20"]
[Round "6.5"]
[White "Mahjoob, Morteza"]
[Black "Khaghani, Babak"]
[Result "1-0"]
[WhiteElo "2412"]
[BlackElo "2320"]
[Annotator "www.Chessboard.ir"]
[PlyCount "81"]
[EventDate "2014.??.??"]
[EventRounds "2"]
[EventCountry "IRI"]
[WhiteClock "0:30:49"]
[BlackClock "0:30:34"]

1. e4 c5 2. Nf3 d6 3. Bb5+ Bd7 4. Bxd7+ Qxd7 5. O-O Nc6 6. c3 Nf6 7. Qe2 e6 8.
d4 cxd4 9. cxd4 d5 10. e5 Ne4 11. Be3 Be7 12. Ne1 h6 13. f3 Ng5 14. Nd3 Qc7 15.
Nc3 Qb6 16. Bf2 Nh7 17. f4 g6 18. Kh1 h5 19. f5 gxf5 20. Qxh5 O-O-O 21. Qd1 Ng5
22. Rc1 Rh7 23. Bg1 Kb8 24. Na4 Ne4 25. Rf3 Qc7 26. Ndc5 Rg8 27. Qb3 Bxc5 28.
Nxc5 Nxc5 29. Rxc5 Rh4 30. Rfc3 Ka8 31. Rg3 Rhh8 32. Rxg8+ Rxg8 33. Qc3 Qe7 34.
b4 Qg5 35. Qc2 Qg4 36. b5 Nb8 37. Rc7 Qg6 38. a4 a6 39. h3 Qg7 40. b6 Qf8 41.
Rxb7 1-0

[Event "2nd BEHIN BAZAFARIN-Tehran"]
[Site "Tehran"]
[Date "2014.11.20"]
[Round "6.6"]
[White "Amonatov, Farrukh"]
[Black "Soozankar, A.M."]
[Result "1/2-1/2"]
[WhiteElo "2608"]
[BlackElo "2190"]
[Annotator "www.Chessboard.ir"]
[PlyCount "63"]
[EventDate "2014.??.??"]
[EventRounds "2"]
[EventCountry "IRI"]
[WhiteClock "0:07:32"]
[BlackClock "0:30:34"]

1. e4 e6 2. d4 d5 3. Nc3 Bb4 4. Nge2 dxe4 5. a3 Bxc3+ 6. Nxc3 Nc6 7. Be3 Nge7
8. Nxe4 O-O 9. Bc4 f5 10. Ng5 f4 11. Nxe6 Bxe6 12. Bxe6+ Kh8 13. Bd2 Nxd4 14.
Bh3 Qe8 15. O-O f3 16. Bg5 Ne2+ 17. Kh1 Rd8 18. Qe1 Rd5 19. gxf3 Ng6 20. Be3
Ngf4 21. Bxf4 Rxf4 22. Rd1 Re5 23. Qd2 Rd4 24. Qxd4 Nxd4 25. Rxd4 g6 26. Rd7
Re7 27. Rfd1 Rxd7 28. Rxd7 Qe1+ 29. Kg2 Qc1 30. Rxc7 Qxb2 31. a4 a5 32. c4
1/2-1/2

[Event "2nd BEHIN BAZAFARIN-Tehran"]
[Site "Tehran"]
[Date "2014.11.20"]
[Round "6.7"]
[White "Khademi, Mohammad Miran"]
[Black "Malakhatko, Vadim"]
[Result "1/2-1/2"]
[WhiteElo "2202"]
[BlackElo "2533"]
[Annotator "www.Chessboard.ir"]
[PlyCount "158"]
[EventDate "2014.??.??"]
[EventRounds "2"]
[EventCountry "IRI"]
[WhiteClock "0:02:17"]
[BlackClock "0:07:25"]

1. e4 c5 2. Nc3 e6 3. g3 Nc6 4. Bg2 g6 5. d3 Bg7 6. Be3 d6 7. Nge2 Nd4 8. O-O
Ne7 9. Qd2 Qa5 10. Nc1 Nec6 11. Nb3 Qc7 12. Nd1 O-O 13. Nc1 Ne5 14. f3 f5 15.
c3 Ndc6 16. Bh6 Bxh6 17. Qxh6 b6 18. Nf2 Ba6 19. Qe3 Rae8 20. Ne2 Nf7 21. Rfe1
d5 22. d4 Nd6 23. e5 Nc4 24. Qc1 Rc8 25. Nf4 Qe7 26. b3 N4a5 27. Qd2 cxd4 28.
cxd4 Rc7 29. Nd1 Rfc8 30. Ne3 Qd7 31. h4 Ne7 32. Qb4 Kf7 33. Qd6 Nb7 34. Qa3
Na5 35. Qd6 Nb7 36. Qa3 Na5 37. g4 Bb5 38. Bh3 Nac6 39. Rad1 Nd8 40. Qd6 Nb7
41. Qa3 Nd8 42. Qd6 Nb7 43. Qa3 Nd8 44. Qb2 Kg8 45. gxf5 exf5 46. a4 Ba6 47. e6
Qd6 48. Qh2 Rc6 49. Nfxd5 Nxd5 50. Qxd6 Rxd6 51. Nxd5 Rxd5 52. e7 Ne6 53. Rxe6
Kf7 54. Rde1 Re8 55. h5 Rxd4 56. hxg6+ hxg6 57. a5 Bc8 58. R6e5 Rd7 59. axb6
axb6 60. f4 Rdxe7 61. Rxe7+ Rxe7 62. Rxe7+ Kxe7 63. b4 Kf6 64. Kf2 g5 65. fxg5+
Kxg5 66. Bg2 Bd7 67. Bf1 Kf4 68. b5 Ke5 69. Ke3 Be6 70. Be2 Bd7 71. Kf3 Be8 72.
Ke3 f4+ 73. Kf2 Kd4 74. Bf1 Kc5 75. Kf3 Bxb5 76. Bh3 Kd4 77. Kxf4 Bc6 78. Bf1
Be4 79. Bb5 Bd5 1/2-1/2

[Event "2nd BEHIN BAZAFARIN-Tehran"]
[Site "Tehran"]
[Date "2014.11.20"]
[Round "6.8"]
[White "Tabatabaei, M.Amin"]
[Black "Mojaverian, Hossein"]
[Result "1-0"]
[WhiteElo "2353"]
[BlackElo "2136"]
[Annotator "www.Chessboard.ir"]
[PlyCount "81"]
[EventDate "2014.??.??"]
[EventRounds "2"]
[EventCountry "IRI"]
[WhiteClock "0:48:51"]
[BlackClock "0:31:09"]

1. e4 e5 2. Nf3 Nc6 3. Bb5 Nf6 4. O-O Nxe4 5. d4 Nd6 6. Bg5 Be7 7. Bxe7 Qxe7 8.
dxe5 Nxb5 9. a4 O-O 10. axb5 Nxe5 11. Nc3 d6 12. Nxe5 dxe5 13. Qf3 Qb4 14. Nd5
Qxb2 15. c3 Bd7 16. Nxc7 Rab8 17. Rxa7 Qc2 18. Qd5 Qf5 19. Rxb7 Rbd8 20. Rd1
Qg6 21. g3 Bc8 22. Qxd8 Bxb7 23. Nd5 Bxd5 24. Qxd5 e4 25. c4 h5 26. Qd6 Qg4 27.
b6 e3 28. b7 Re8 29. fxe3 Qf3 30. Qd5 Qxe3+ 31. Kh1 g6 32. Rf1 Kh8 33. Qxf7
Qe4+ 34. Qf3 Qxc4 35. Qf6+ Kh7 36. Qf7+ Qxf7 37. Rxf7+ Kh6 38. Kg2 g5 39. Rf6+
Kg7 40. Rb6 Rb8 41. Kf3 1-0

[Event "2nd BEHIN BAZAFARIN-Tehran"]
[Site "Tehran"]
[Date "2014.11.20"]
[Round "6.9"]
[White "Zarepisheh, Gholamreza"]
[Black "Mosadeghpour, Masoud"]
[Result "0-1"]
[WhiteElo "2105"]
[BlackElo "2347"]
[Annotator "www.Chessboard.ir"]
[PlyCount "58"]
[EventDate "2014.??.??"]
[EventRounds "2"]
[EventCountry "IRI"]
[WhiteClock "0:08:32"]
[BlackClock "0:48:43"]

1. d4 Nf6 2. c4 g6 3. Nc3 d5 4. cxd5 Nxd5 5. e4 Nxc3 6. bxc3 c5 7. Nf3 Bg7 8.
Rb1 O-O 9. Be2 b6 10. O-O Bb7 11. Qd3 Qd6 12. Be3 Nd7 13. Rfd1 Rac8 14. Rb2
cxd4 15. cxd4 Nc5 16. Qa3 Nxe4 17. Qxa7 Bc6 18. Qa6 Nc3 19. Rdd2 b5 20. Rbc2
Nxe2+ 21. Rxe2 Bxf3 22. Qxd6 Bxe2 23. Qxe7 Rxc2 24. h4 Rxa2 25. d5 b4 26. Qxb4
Be5 27. f4 Rb8 28. Qe7 Bf3 29. Bf2 Bd4 0-1

[Event "2nd BEHIN BAZAFARIN-Tehran"]
[Site "Tehran"]
[Date "2014.11.20"]
[Round "6.10"]
[White "Mousavi, Seyed Khalil"]
[Black "Mahmoody, M. Sadegh"]
[Result "1-0"]
[WhiteElo "2339"]
[BlackElo "2070"]
[Annotator "www.Chessboard.ir"]
[PlyCount "100"]
[EventDate "2014.??.??"]
[EventRounds "2"]
[EventCountry "IRI"]
[WhiteClock "0:14:35"]
[BlackClock "0:21:48"]

1. Nf3 Nf6 2. c4 g6 3. g3 Bg7 4. Bg2 d6 5. O-O O-O 6. Nc3 Nbd7 7. d4 c5 8. b3
a6 9. Bb2 Rb8 10. a4 b6 11. Qd2 Ne8 12. e4 Nc7 13. d5 b5 14. Nd1 Bxb2 15. Nxb2
bxc4 16. Nxc4 Nf6 17. Qc2 Bg4 18. Nfd2 Rb4 19. h3 Bd7 20. Rfd1 Qa8 21. Rac1
Nfe8 22. e5 Bf5 23. Qb2 Bd3 24. Na5 Nxd5 25. Ndc4 Bxc4 26. Nxc4 e6 27. exd6
Nef6 28. Qxf6 Nxf6 29. Bxa8 Rxa8 30. d7 Rd8 31. Ne5 Rb7 32. Rxc5 Nxd7 33. Rc6
a5 34. Rcd6 Nxe5 35. Rxd8+ Kg7 36. Ra8 Rxb3 37. Rxa5 Nd3 38. Rb5 Ra3 39. f4 h5
40. Kf1 Rc3 41. a5 h4 42. Ke2 Nc5 43. gxh4 Ne4 44. Re5 Ng3+ 45. Kf2 Nh5 46. Re3
Rc2+ 47. Re2 Rc3 48. Ra1 Nxf4 49. Re3 Rc2+ 50. Kg1 Ne2+ 1-0

[Event "2nd BEHIN BAZAFARIN-Tehran"]
[Site "Tehran"]
[Date "2014.11.20"]
[Round "6.11"]
[White "Salimifard, Behtash"]
[Black "Darban, Morteza"]
[Result "0-1"]
[WhiteElo "2074"]
[BlackElo "2335"]
[Annotator "www.Chessboard.ir"]
[PlyCount "140"]
[EventDate "2014.??.??"]
[EventRounds "2"]
[EventCountry "IRI"]
[WhiteClock "0:04:54"]
[BlackClock "0:13:34"]

1. c4 g6 2. Nc3 Bg7 3. d4 Nf6 4. e4 d6 5. Be2 O-O 6. Nf3 Na6 7. O-O e5 8. Re1
c6 9. Bf1 Bg4 10. d5 c5 11. a3 Nc7 12. b4 b6 13. Rb1 Nfe8 14. Be2 Bd7 15. Nd2
Na6 16. bxc5 Nxc5 17. Nb3 Na4 18. Nxa4 Bxa4 19. Be3 Nc7 20. Qd2 Na6 21. Nc1 Nc5
22. f3 Bd7 23. Nd3 Nb7 24. Qc2 Qh4 25. Qd2 Qe7 26. Qc2 Rfc8 27. Bd2 Qf8 28. g4
Qe8 29. Rec1 Rc7 30. Nb4 Nc5 31. Be3 Rac8 32. Qd2 Ba4 33. Bd1 Bd7 34. Be2 Bf6
35. Nd3 Nb7 36. Nb4 Nc5 37. Nd3 Nxd3 38. Bxd3 Bh4 39. Kg2 Qe7 40. Rb4 h6 41. a4
Bg5 42. Ra1 Rc5 43. a5 Rxa5 44. Rxa5 bxa5 45. Rb7 Qd8 46. Bxg5 hxg5 47. Rxa7
Ra8 48. Rxa8 Qxa8 49. Qxg5 a4 50. h4 a3 51. h5 a2 52. hxg6 Be8 53. gxf7+ Kxf7
54. Qf5+ Kg7 55. Qg5+ Bg6 56. Qe7+ Kg8 57. Qf6 Qe8 58. c5 a1=Q 59. cxd6 Qb2+
60. Kh3 Qb7 61. d7 Qbxd7 62. d6 Qdf7 63. Bc4 Qxc4 64. d7 Qxd7 65. Qxg6+ Qg7 66.
Qe8+ Kh7 67. Kg3 Qgf7 68. Qxe5 Qcc7 69. Qxc7 Qxc7+ 70. f4 Qc3+ 0-1

[Event "2nd BEHIN BAZAFARIN-Tehran"]
[Site "Tehran"]
[Date "2014.11.20"]
[Round "6.12"]
[White "Lorparizangeneh, Shahin"]
[Black "Razaghi, Behrooz"]
[Result "1/2-1/2"]
[WhiteElo "2308"]
[BlackElo "2176"]
[Annotator "www.Chessboard.ir"]
[PlyCount "111"]
[EventDate "2014.??.??"]
[EventRounds "2"]
[EventCountry "IRI"]
[WhiteClock "0:15:47"]
[BlackClock "0:22:09"]

1. d4 d5 2. c4 c6 3. Nc3 Nf6 4. cxd5 cxd5 5. Bf4 Nc6 6. e3 a6 7. Bd3 Bg4 8.
Nge2 e6 9. O-O Bxe2 10. Qxe2 Bd6 11. Bg5 h6 12. Bh4 O-O 13. f4 Be7 14. f5 e5
15. dxe5 Nxe5 16. Rad1 Neg4 17. Rf4 Re8 18. Kh1 h5 19. h3 Bd6 20. Rf3 Ne5 21.
Rff1 Be7 22. Bc2 Ned7 23. Bb3 Qb6 24. Bxf6 Nxf6 25. Nxd5 Nxd5 26. Rxd5 h4 27.
Qh5 Qf6 28. e4 Qg5 29. Qf3 Bf6 30. Rd7 Rf8 31. Qg4 Qxg4 32. hxg4 Rad8 33. Rfd1
Rxd7 34. Rxd7 b5 35. Kh2 Kh7 36. Bd5 Kh6 37. Kh3 Kg5 38. Rc7 Bxb2 39. Bxf7 Be5
40. Re7 Bf6 41. Rc7 Be5 42. Rc5 Bd4 43. Rd5 Bf6 44. e5 Rxf7 45. exf6 gxf6 46.
Rd6 Rc7 47. Rxa6 Rc3+ 48. Kh2 Rc4 49. Ra5 b4 50. a3 bxa3 51. Rxa3 Kxg4 52. Ra5
Rf4 53. Rb5 Rxf5 54. Rxf5 Kxf5 55. Kh3 Kg5 56. g4 1/2-1/2

[Event "2nd BEHIN BAZAFARIN-Tehran"]
[Site "Tehran"]
[Date "2014.11.20"]
[Round "7.1"]
[White "Darini, Pouria"]
[Black "Javanbakht, Nima"]
[Result "1/2-1/2"]
[WhiteElo "2458"]
[BlackElo "2379"]
[Annotator "www.Chessboard.ir"]
[PlyCount "45"]
[EventDate "2014.??.??"]
[EventRounds "2"]
[EventCountry "IRI"]
[WhiteClock "0:13:58"]
[BlackClock "0:47:27"]

1. Nf3 d5 2. g3 Bg4 3. Bg2 c6 4. d3 Nd7 5. O-O Ngf6 6. Nbd2 e5 7. e4 Bd6 8. Qe1
O-O 9. h3 Bh5 10. Nh4 Re8 11. Nf5 Bf8 12. Nb3 a5 13. a4 Bg6 14. Bg5 Bxf5 15.
exf5 Qc7 16. Qd1 b5 17. axb5 cxb5 18. c3 a4 19. Nd2 a3 20. Qb1 Rec8 21. Rc1 b4
22. c4 Ra6 23. Nb3 1/2-1/2

[Event "2nd BEHIN BAZAFARIN-Tehran"]
[Site "Tehran"]
[Date "2014.11.20"]
[Round "7.2"]
[White "Harutjunyan, Gevorg"]
[Black "Ghaem Maghami, Ehsan"]
[Result "0-1"]
[WhiteElo "2451"]
[BlackElo "2559"]
[Annotator "www.Chessboard.ir"]
[PlyCount "106"]
[EventDate "2014.??.??"]
[EventRounds "2"]
[EventCountry "IRI"]
[WhiteClock "0:10:33"]
[BlackClock "0:12:05"]

1. e4 c5 2. Nf3 d6 3. d4 cxd4 4. Nxd4 Nf6 5. Nc3 a6 6. Bg5 Nc6 7. Qd2 Bd7 8.
O-O-O e6 9. f3 Be7 10. Be3 h5 11. Kb1 Rc8 12. Nxc6 Bxc6 13. Qf2 Qc7 14. Bb6 Qb8
15. Qg3 d5 16. e5 h4 17. Qe1 Nd7 18. Bd4 b5 19. Qe3 b4 20. Ne2 Bb5 21. Nc1 Qc7
22. Rd2 Bxf1 23. Rxf1 Bc5 24. Re1 Bxd4 25. Qxd4 Qc4 26. Qf2 Qc5 27. Rd4 a5 28.
Nd3 Qc7 29. Rg4 g6 30. Re2 Nc5 31. Nc1 h3 32. g3 Rh5 33. Qe3 Nd7 34. Nd3 Qb6
35. Qd2 Qg1+ 36. Re1 Qg2 37. Kc1 Rc4 38. f4 Nc5 39. Nxc5 Qxd2+ 40. Kxd2 Rxc5
41. Re3 Kd7 42. Rg5 Rh8 43. Kd1 Rhc8 44. Re2 a4 45. g4 b3 46. axb3 axb3 47. c3
Ra5 48. f5 Rxc3 49. fxg6 Ra1+ 50. Kd2 Rc2+ 51. Kd3 Rd1+ 52. Ke3 fxg6 53. Rxg6
d4+ 0-1